000 00278nam a22001097a 4500
008 170124b xxu||||| |||| 00| 0 eng d
020 _a9780815190035
041 _aeng
080 _a618.2
245 _aPUBLIC AND COMMUNITY HEALTH NURSE'S CONSULTANT
_cSTANHOPE, M
942 _2udc
_cBK
999 _c3437
_d3437